Visualizzazione normale
Vista MARC
- Montesi C., Menegon S., Mococci T
di Personal Name
Records bibliografici associati: 1
001 - CONTROL NUMBER
- control field: 59401
003 - CONTROL NUMBER IDENTIFIER
- control field:
005 - DATE AND TIME OF LATEST TRANSACTION
- control field: 20230224112538.0
008 - FIXED-LENGTH DATA ELEMENTS
- fixed length control field: 230224|| aca||aabn | a|a d
040 ## - CATALOGING SOURCE
- Original cataloging agency:
- Transcribing agency:
100 ## - HEADING--PERSONAL NAME
- Personal name: Montesi C., Menegon S., Mococci T
670 ## - SOURCE DATA FOUND
- Source citation: Work cat.: ()359629: Grasselli Pierluigi (et al.) 59399, Associazionismo familiare., 2013